Normal görünüm MARC görünümü

Giriş Corporate Name

Kullanılan kayıt sayısı: 1

001 - CONTROL NUMBER

  • control field: 3649

003 - CONTROL NUMBER IDENTIFIER

  • control field: TR-AnABB

005 - DATE AND TIME OF LATEST TRANSACTION

  • control field: 20260602104510.0

008 - FIXED-LENGTH DATA ELEMENTS

  • fixed length control field: 260602|| aca||aabn | a|a d

040 ## - CATALOGING SOURCE

  • Original cataloging agency: TR-AnABB
  • Transcribing agency: TR-AnABB

110 ## - HEADING--CORPORATE NAME

  • Corporate name or jurisdiction name as entry element: TMMOB Mimarlar Odası İstanbul Şubesi

670 ## - SOURCE DATA FOUND

  • Source citation: Koha: (TR-AnABB)10399: TMMOB Mimarlar Odası İstanbul Şubesi, Barınaksızlara konut kongresi 21-22 Ocak 1986 /, 1986